[Event "Lichtenrader Herbst"]
[Site "Berlin"]
[Date "2018.10.29"]
[Round "3.21"]
[White "Niehaus, Frank"]
[Black "Jaeger, Andre"]
[Result "1-0"]
[WhiteElo "2128"]
[BlackElo "1898"]
[PlyCount "67"]
[EventDate "2018.??.??"]
[WhiteTeam "SK König Tegel 1949 e.V."]
[BlackTeam "SC Rochade e.V."]

1. d4 Nf6 2. Bg5 d5 3. Bxf6 gxf6 4. c4 e5 5. e3 Bb4+ 6. Nc3 c5 7. a3 Bxc3+ 8.
bxc3 Qa5 9. Qd2 cxd4 10. cxd4 Qxd2+ 11. Kxd2 exd4 12. cxd5 dxe3+ 13. fxe3 Ke7
14. Ne2 Kd6 15. Nc3 a6 16. Bd3 Nd7 17. Rhf1 b5 18. Rf4 Bb7 19. Raf1 h5 20. g3
Rh6 21. a4 bxa4 22. Rxa4 Nc5 23. Ne4+ Nxe4+ 24. Bxe4 Rc8 25. Rb1 Bxd5 26. Rb6+
Ke5 27. Bxd5 Kxd5 28. Raxa6 Ke4 29. Rxf6 Rxf6 30. Rxf6 Ra8 31. Rf4+ Ke5 32. Rh4
Ra2+ 33. Kd3 Ra3+ 34. Ke2 1-0

[Event "Lichtenrader Herbst"]
[Site "Berlin"]
[Date "2018.10.29"]
[Round "3.22"]
[White "Schnabel, Luise"]
[Black "Kather, Yannick"]
[Result "0-1"]
[WhiteElo "1830"]
[BlackElo "2120"]
[PlyCount "112"]
[EventDate "2018.??.??"]
[WhiteTeam "SV Mattnetz Berlin e.V."]
[BlackTeam "SC Weisse Dame e.V."]

1. e4 c5 2. Nf3 Nc6 3. d4 cxd4 4. Nxd4 g6 5. Nc3 Bg7 6. Nb3 Nf6 7. Be2 O-O 8.
Bg5 a6 9. O-O b5 10. a3 d6 11. f4 Bb7 12. Bf3 Na5 13. Nxa5 Qxa5 14. Qe2 Qc7 15.
Rfe1 Rfe8 16. Rab1 e6 17. Rbd1 d5 18. Bxf6 Bxf6 19. e5 Bg7 20. g3 Rac8 21. Kg2
Bf8 22. Rd3 b4 23. axb4 Bxb4 24. Red1 a5 25. Qd2 Ba6 26. Rd4 Bxc3 27. bxc3 Qxc3
28. Ra4 Qxd2+ 29. Rxd2 Rc5 30. Kf2 Ra8 31. Be2 Bb7 32. Ke3 Bc6 33. Kd4 Bxa4 34.
Kxc5 Bxc2 35. Kb6 Bb3 36. Kb7 Rd8 37. Bb5 Kf8 38. Rd4 a4 39. Bxa4 Bxa4 40. Rxa4
d4 41. Ra2 d3 42. Rd2 Rd5 43. Kc6 Kg7 44. Kb6 Kh6 45. g4 g5 46. f5 exf5 47.
gxf5 Rxe5 48. Rxd3 Rxf5 49. Kc6 f6 50. Kd6 Re5 51. Rf3 Kg6 52. h3 h5 53. Rf2
Re3 54. Rh2 f5 55. Kd5 f4 56. Kd4 Kf5 0-1

[Event "Lichtenrader Herbst"]
[Site "Berlin"]
[Date "2018.10.29"]
[Round "3.23"]
[White "Roehr, Tobias"]
[Black "Moewisch, Dave"]
[Result "1-0"]
[WhiteElo "2097"]
[BlackElo "1872"]
[PlyCount "67"]
[EventDate "2018.??.??"]
[WhiteTeam "SG Aufbau Elbe Magdeburg"]
[BlackTeam "SV Briesen e.V."]

1. d4 d5 2. c4 e6 3. Nc3 Nf6 4. cxd5 Nxd5 5. e4 Nxc3 6. bxc3 c5 7. Nf3 cxd4 8.
cxd4 Bb4+ 9. Bd2 Bxd2+ 10. Qxd2 O-O 11. Bc4 Nc6 12. O-O Na5 13. Bd3 b6 14. Rad1
Bb7 15. Qf4 Rc8 16. e5 Bxf3 17. Qxf3 Nc6 18. Rfe1 Ne7 19. Re4 g6 20. h4 Nd5 21.
Rg4 f5 22. Rg5 Rc3 23. Qg3 Ne7 24. h5 Kg7 25. hxg6 hxg6 26. Qf3 Qd5 27. Qf4 Rd8
28. Rg3 Rf8 29. Rh3 Kf7 30. Qg5 Ke8 31. Bb5+ Rc6 32. Bxc6+ Qxc6 33. Rc1 Qd7 34.
Rhc3 1-0

[Event "Lichtenrader Herbst"]
[Site "Berlin"]
[Date "2018.10.29"]
[Round "3.24"]
[White "Schmidt, Juergen"]
[Black "Cusnariov, Nikolai"]
[Result "1-0"]
[WhiteElo "1814"]
[BlackElo "2095"]
[PlyCount "62"]
[EventDate "2018.??.??"]
[WhiteTeam "SC Kreuzberg e.V."]
[BlackTeam "USV Potsdam e.V., Abt. Schach"]

1. e4 c5 2. Nf3 d6 3. d4 cxd4 4. Nxd4 Nf6 5. Nc3 a6 6. Bc4 b5 7. Bb3 e6 8. Bg5
Be7 9. f4 b4 10. Bxf6 Bxf6 11. Nce2 Bb7 12. Qd2 Qb6 13. O-O-O O-O 14. Ng3 Rd8
15. Rhe1 h6 16. Nf3 Nc6 17. Nh5 Be7 18. f5 Qc5 19. f6 Qxh5 20. fxe7 Rd7 21. Qf4
e5 22. Qe3 Nxe7 23. g4 Qxg4 24. Rg1 Nf5 25. exf5 Qxf3 26. Qxh6 Qf4+ 27. Qxf4
exf4 28. f6 Kh8 29. Rd3 f3 30. Rd4 Kg8 31. Rxg7+ Kf8 1-0

[Event "Lichtenrader Herbst"]
[Site "Berlin"]
[Date "2018.10.29"]
[Round "3.25"]
[White "Federau, Juergen"]
[Black "Tham, Minh"]
[Result "1-0"]
[WhiteElo "2087"]
[BlackElo "1857"]
[PlyCount "135"]
[EventDate "2018.??.??"]
[WhiteTeam "SC Kreuzberg e.V."]
[BlackTeam "SC Weisse Dame e.V."]

1. d4 d5 2. Nf3 e6 3. e3 c6 4. Bd3 f5 5. O-O Nf6 6. c4 Bd6 7. b3 Qe7 8. Bb2 O-O
9. Qc1 b6 10. Ba3 c5 11. dxc5 bxc5 12. cxd5 exd5 13. Nc3 Be6 14. Nb5 Nbd7 15.
Nxd6 Qxd6 16. Rd1 Rac8 17. Qc2 Ne4 18. Rac1 Rfd8 19. Bxe4 fxe4 20. Qxe4 Qxh2+
21. Nxh2 dxe4 22. Rd6 Kf7 23. Nf1 Ke7 24. Rcd1 Ne5 25. Rxd8 Rxd8 26. Bxc5+ Ke8
27. Rxd8+ Kxd8 28. Bxa7 Nd3 29. Nd2 Nc1 30. Nxe4 Nxa2 31. Bb6+ Ke8 32. Nc5 Bf7
33. Bc7 Ke7 34. Be5 g6 35. g4 Nc1 36. b4 Bc4 37. Ne4 Nd3 38. Bd6+ Ke6 39. Bf8
Kf7 40. Bc5 Nxc5 41. bxc5 Bd5 42. Ng5+ Kg7 43. e4 Bc6 44. f3 Bd7 45. e5 h6 46.
Ne4 g5 47. Nd6 Kf8 48. Kf2 Ke7 49. Nf5+ Ke6 50. Nxh6 Kxe5 51. Nf7+ Kf6 52. Nd6
Ke5 53. Ke3 Kd5 54. Ne4 Bc6 55. Nxg5 Kxc5 56. f4 Kd5 57. f5 Ke5 58. Nf3+ Kf6
59. Kf4 Ba4 60. g5+ Kg7 61. g6 Kf6 62. Ne5 Bc2 63. Ng4+ Kg7 64. Kg5 Bb1 65. f6+
Kg8 66. Nh6+ Kh8 67. g7+ Kh7 68. g8=Q# 1-0

[Event "Lichtenrader Herbst"]
[Site "Berlin"]
[Date "2018.10.29"]
[Round "3.27"]
[White "Sulayev, Daniel"]
[Black "Roehr, Oliver"]
[Result "1-0"]
[WhiteElo "2041"]
[BlackElo "1840"]
[PlyCount "85"]
[EventDate "2018.??.??"]
[WhiteTeam "SV Empor Berlin e.V."]
[BlackTeam "SG Aufbau Elbe Magdeburg"]

1. e4 e5 2. Nf3 Nc6 3. Bc4 Bc5 4. O-O Nf6 5. d4 Bxd4 6. Nxd4 Nxd4 7. Bg5 d6 8.
f4 Be6 9. Na3 Bxc4 10. Nxc4 Ne6 11. fxe5 dxe5 12. Bxf6 gxf6 13. Qxd8+ Rxd8 14.
Rxf6 Ke7 15. Raf1 Nf4 16. Rf5 f6 17. g3 Ne2+ 18. Kh1 Rd4 19. Ne3 Rxe4 20. Nd5+
Kd6 21. Nxf6 Rb4 22. R5f2 Rxb2 23. Rxe2 Rxa2 24. Rd1+ Ke6 25. Ng4 Ra5 26. Rde1
Kd7 27. Nxe5+ Kc8 28. Nd3 Rd8 29. Re7 Rd7 30. Kg2 Ra2 31. Re8+ Rd8 32. Rxd8+
Kxd8 33. Rc1 b6 34. Kf3 c5 35. h4 a5 36. g4 c4 37. Ne5 b5 38. Ke4 c3 39. Kd3 b4
40. g5 a4 41. Nc6+ Kd7 42. Nxb4 Rb2 43. Kxc3 1-0

[Event "Lichtenrader Herbst"]
[Site "Berlin"]
[Date "2018.10.29"]
[Round "3.28"]
[White "Guder, Sibylle"]
[Black "Heuer, Thomas"]
[Result "0-1"]
[WhiteElo "1810"]
[BlackElo "2040"]
[PlyCount "80"]
[EventDate "2018.??.??"]
[WhiteTeam "SF Berlin 1903 e.V."]
[BlackTeam "BSC Rehberge 1945 e.V."]

1. Nf3 d5 2. g3 c6 3. Bg2 Bg4 4. d3 Nd7 5. Nbd2 Ngf6 6. O-O e6 7. c4 Bc5 8. a3
a5 9. b3 O-O 10. Bb2 Re8 11. cxd5 exd5 12. d4 Bd6 13. Re1 Ne4 14. Nxe4 dxe4 15.
Nd2 Nf6 16. Nc4 Bc7 17. Ne3 h5 18. h4 Qd7 19. Qd2 Be6 20. b4 a4 21. Rac1 Rad8
22. Red1 Bb3 23. Re1 Bb6 24. d5 Nxd5 25. Nxd5 Bxf2+ 26. Kxf2 e3+ 27. Qxe3 Rxe3
28. Nxe3 Re8 29. Rc3 Qd2 30. Ba1 Qa2 31. Bf3 g6 32. b5 cxb5 33. Rec1 Qd2 34.
Nf1 Qd6 35. Rc8 Rf8 36. Rxf8+ Kxf8 37. Bb2 b4 38. axb4 Qxb4 39. Ra1 Ke8 40. Ba3
Qd4+ 0-1

[Event "Lichtenrader Herbst"]
[Site "Berlin"]
[Date "2018.10.29"]
[Round "3.29"]
[White "Schauties, Nico Antonio"]
[Black "Fartmann, Oliver"]
[Result "1/2-1/2"]
[WhiteElo "1725"]
[BlackElo "2030"]
[PlyCount "72"]
[EventDate "2018.??.??"]
[WhiteTeam "SV Mattnetz Berlin e.V."]
[BlackTeam "SV Mattnetz Berlin e.V."]

1. d4 Nf6 2. Nf3 g6 3. c4 Bg7 4. Nc3 O-O 5. e4 d6 6. Bd3 Bg4 7. h3 Bxf3 8. Qxf3
Nc6 9. Be3 e5 10. d5 Nd4 11. Qd1 c5 12. Ne2 Nh5 13. g4 Qa5+ 14. Kf1 Nxe2 15.
Bxe2 Nf4 16. Qd2 Qb6 17. Bxf4 exf4 18. Rb1 Be5 19. g5 f5 20. gxf6 h5 21. Rg1
Kf7 22. Bf3 a5 23. Qd1 Rh8 24. a4 Ra6 25. Ke2 Qd8 26. Qf1 Rh6 27. Kd1 Qe8 28.
b3 Bxf6 29. Qd3 Qe5 30. Rg2 Ra8 31. Kd2 Rg8 32. Rbg1 g5 33. Bd1 Qe7 34. Bf3 Bd4
35. Qe2 h4 36. Bg4 Kf6 1/2-1/2

[Event "Lichtenrader Herbst"]
[Site "Berlin"]
[Date "2018.10.29"]
[Round "3.30"]
[White "Kornitzky, Tino"]
[Black "Schulz, Stefan"]
[Result "1-0"]
[WhiteElo "2117"]
[BlackElo "1821"]
[PlyCount "80"]
[EventDate "2018.??.??"]
[WhiteTeam "FC Bayern München e.V."]
[BlackTeam "SV Görlitz 1990"]

1. d4 Nf6 2. c4 g6 3. Nc3 d5 4. cxd5 Nxd5 5. e4 Nxc3 6. bxc3 Bg7 7. Nf3 c5 8.
Be3 O-O 9. Be2 b6 10. O-O Bb7 11. Qc2 cxd4 12. cxd4 Nd7 13. Rac1 Rc8 14. Qb1
Nf6 15. Nd2 Qd7 16. Bb5 Qe6 17. d5 Qd6 18. f3 Nh5 19. Nc4 Qb8 20. Bd7 Rcd8 21.
Ba4 Nf4 22. Rfe1 Ba6 23. Bb3 Bxc4 24. Bxc4 Be5 25. g3 Nh5 26. f4 Bg7 27. Ba6 g5
28. fxg5 Nxg3 29. hxg3 Qxg3+ 30. Kf1 Qf3+ 31. Bf2 Bd4 32. Qc2 Rd6 33. Red1 Be3
34. Rb1 Rg6 35. Rb3 Rxg5 36. Rxe3 Qg2+ 37. Ke1 f5 38. Bf1 Qh2 39. e5 Rg1 40.
Qe2 f4 1-0

[Event "Lichtenrader Herbst"]
[Site "Berlin, Germany"]
[Date "2018.10.30"]
[Round "4.1"]
[White "Starostits, Ilmars"]
[Black "Noetzel, Felix"]
[Result "1-0"]
[WhiteElo "2454"]
[BlackElo "2216"]
[PlyCount "81"]
[EventDate "2018.??.??"]

1. Nf3 d5 2. d4 Nf6 3. Bg5 g6 4. c4 Bg7 5. cxd5 Qxd5 6. Nc3 Qa5 7. Qd2 O-O 8.
e4 c5 9. d5 Rd8 10. Bd3 Bg4 11. O-O Nbd7 12. Rad1 a6 13. Qe3 b5 14. Bc2 b4 15.
Na4 c4 16. b3 c3 17. Nd4 Bxd1 18. Rxd1 Qc7 19. h3 Re8 20. Bf4 Qa7 21. Qf3 Rac8
22. Nc6 Qb7 23. e5 Nh5 24. Bh2 Nb6 25. Na5 Qa7 26. Qe3 Rb8 27. Nc6 Qb7 28. Nxb8
Nxa4 29. bxa4 Rxb8 30. g4 Rd8 31. d6 exd6 32. gxh5 d5 33. hxg6 hxg6 34. Qd4 a5
35. Bf4 Qd7 36. Kg2 Qe6 37. Bg3 f6 38. exf6 Bxf6 39. Qc5 Kg7 40. Qxa5 Qe2 41.
Qc7+ 1-0

[Event "Lichtenrader Herbst"]
[Site "Berlin"]
[Date "2018.10.30"]
[Round "4.2"]
[White "Glantz, Robert"]
[Black "Bruedigam, Martin"]
[Result "1/2-1/2"]
[WhiteElo "2285"]
[BlackElo "2392"]
[PlyCount "30"]
[EventDate "2018.??.??"]
[WhiteTeam "SC Kreuzberg"]
[BlackTeam "SK König Tegel 1949 e.V."]

1. e4 e5 2. Nf3 Nc6 3. Bc4 Bc5 4. c3 Nf6 5. d3 d6 6. O-O O-O 7. Nbd2 a6 8. Bb3
Ba7 9. h3 Ne7 10. Re1 Ng6 11. Nf1 Re8 12. Ng3 Be6 13. d4 h6 14. Bc2 c6 15. Be3
Qc7 1/2-1/2

[Event "Lichtenrader Herbst"]
[Site "Berlin, Germany"]
[Date "2018.10.30"]
[Round "4.3"]
[White "Biriukov, Nikolai"]
[Black "Brustkern, Juergen"]
[Result "1/2-1/2"]
[WhiteElo "2363"]
[BlackElo "2203"]
[PlyCount "46"]
[EventDate "2018.??.??"]

1. c4 f5 2. g3 Nf6 3. Bg2 d6 4. e3 e5 5. Nc3 Be7 6. d4 O-O 7. Nf3 e4 8. Nd2 c6
9. f3 d5 10. Qb3 Kh8 11. O-O Na6 12. cxd5 Nxd5 13. Nxd5 cxd5 14. Nb1 Nc7 15.
Bd2 b6 16. fxe4 dxe4 17. Nc3 Be6 18. Qd1 Qd7 19. Ne2 Nd5 20. Nf4 Rac8 21. Nxe6
Qxe6 22. Qb3 h5 23. Be1 Rc6 1/2-1/2

[Event "Lichtenrader Herbst"]
[Site "Berlin, Germany"]
[Date "2018.10.30"]
[Round "4.4"]
[White "Boettcher, Patrick"]
[Black "Florstedt, Johannes"]
[Result "0-1"]
[WhiteElo "2034"]
[BlackElo "2310"]
[PlyCount "100"]
[EventDate "2018.??.??"]

1. d4 Nf6 2. c4 g6 3. Nc3 d5 4. cxd5 Nxd5 5. e4 Nxc3 6. bxc3 Bg7 7. Be3 c5 8.
Qd2 cxd4 9. cxd4 Nc6 10. Nf3 Bg4 11. Bb5 O-O 12. Bxc6 Bxf3 13. gxf3 bxc6 14.
Rc1 Qd7 15. h4 h5 16. Rc5 Rfd8 17. Ke2 Rac8 18. Rhc1 Bxd4 19. Bxd4 Qxd4 20.
Qxd4 Rxd4 21. Rxc6 Rxc6 22. Rxc6 Ra4 23. Rc2 Kg7 24. Kf1 Kf6 25. Kg2 Ke5 26.
Kg3 Ra3 27. Rd2 a6 28. Rd5+ Kf6 29. Rd2 Ra4 30. Kf4 Ra5 31. Kg3 Ra3 32. Kf4 a5
33. Rb2 Kg7 34. Rc2 Kf8 35. Rc8+ Kg7 36. Rc2 Ra4 37. Kg3 Kf6 38. Kf4 Ra3 39.
Rb2 e6 40. Rc2 e5+ 41. Kg3 a4 42. Rb2 Kg7 43. Kg2 Rc3 44. Rb4 Ra3 45. Rb2 Rd3
46. Rb4 Rd4 47. Rxd4 exd4 48. f4 f6 49. Kf3 g5 50. fxg5 fxg5 0-1

[Event "Lichtenrader Herbst"]
[Site "Berlin"]
[Date "2018.10.30"]
[Round "4.5"]
[White "Niehaus, Frank"]
[Black "Stern, Rene"]
[Result "0-1"]
[WhiteElo "2195"]
[BlackElo "2527"]
[PlyCount "132"]
[EventDate "2018.??.??"]
[WhiteTeam "SK König Tegel 1949 e.V."]
[BlackTeam "SK König Tegel 1949 e.V."]

1. c4 e6 2. e4 d5 3. exd5 exd5 4. d4 Nf6 5. Nc3 Be7 6. Nf3 O-O 7. Be2 dxc4 8.
Bxc4 Nbd7 9. h3 Nb6 10. Bb3 Nbd5 11. O-O c6 12. Re1 Re8 13. Bg5 Be6 14. Ne5 h6
15. Bh4 Qb6 16. Nc4 Qa6 17. Ne5 Rad8 18. Qf3 Nc7 19. Ng6 fxg6 20. Bxe6+ Nxe6
21. Rxe6 Qc4 22. Rae1 Bd6 23. Rxe8+ Rxe8 24. Rxe8+ Nxe8 25. Qe4 Kf7 26. Qf3+
Nf6 27. Bxf6 gxf6 28. Qe3 Qe6 29. Qd2 h5 30. Kf1 Qc4+ 31. Kg1 Bb4 32. Qh6 Bf8
33. Qf4 Be7 34. Qh6 Bf8 35. Qf4 Qb4 36. Qd2 Kg7 37. a3 Qa5 38. Qe3 Kf7 39. Qd3
Qg5 40. Qc4+ Kg7 41. Ne4 Qf5 42. Qe2 Qd5 43. Qe3 Qa2 44. Qf4 Be7 45. Kh2 Qd5
46. Qe3 f5 47. Nc3 Qd6+ 48. Kg1 Bf6 49. Ne2 b6 50. g3 Kf7 51. h4 Qd5 52. Nf4
Qe4 53. Qb3+ Kg7 54. Qc4 c5 55. Qa6 Bxd4 56. Qxa7+ Kh6 57. Nh3 f4 58. Qb8 fxg3
59. Qxg3 Qg4 60. Qxg4 hxg4 61. Ng5 Bxb2 62. a4 c4 63. Ne6 c3 64. Nd4 Ba3 65.
Kg2 Bc5 66. Nc2 Kh5 0-1

[Event "Lichtenrader Herbst"]
[Site "Berlin"]
[Date "2018.10.30"]
[Round "4.6"]
[White "Kather, Yannick"]
[Black "Shishkin, Vadim"]
[Result "0-1"]
[WhiteElo "2136"]
[BlackElo "2453"]
[PlyCount "102"]
[EventDate "2018.??.??"]
[WhiteTeam "SC Weisse Dame e.V."]

1. e4 c5 2. c3 d5 3. exd5 Qxd5 4. d4 Nc6 5. Nf3 Nf6 6. Be2 cxd4 7. cxd4 Bf5 8.
O-O e6 9. Nc3 Qa5 10. Ne5 Rc8 11. Nxc6 bxc6 12. Qa4 Bb4 13. Qxa5 Bxa5 14. a3
Nd5 15. Na4 Ke7 16. b4 Bb6 17. Nxb6 axb6 18. a4 Nxb4 19. Ba3 c5 20. dxc5 bxc5
21. Rac1 Nc2 22. Bb2 Rhe8 23. Rfd1 Nd4 24. Bxd4 cxd4 25. Rxc8 Rxc8 26. Rxd4
Rc1+ 27. Rd1 Rc2 28. Bb5 Ra2 29. Rd7+ Kf6 30. f4 Be4 31. g3 Rg2+ 32. Kf1 Rxh2
33. Be2 Rh1+ 34. Kf2 Ra1 35. Ra7 Bd5 36. a5 Ra2 37. Ke3 Ra3+ 38. Kf2 e5 39.
fxe5+ Kxe5 40. a6 Kd6 41. g4 h6 42. Ke1 Ra2 43. Kf1 g6 44. Ke1 Ra4 45. Kd2 Ra3
46. Ke1 Rh3 47. Kf2 h5 48. gxh5 gxh5 49. Bf1 Ra3 50. Kg1 h4 51. Kh2 Ra1 0-1

[Event "Lichtenrader Herbst"]
[Site "Berlin"]
[Date "2018.10.30"]
[Round "4.7"]
[White "Rakotomaharo, Fy Antenaina"]
[Black "Roehr, Tobias"]
[Result "1-0"]
[WhiteElo "2422"]
[BlackElo "2190"]
[PlyCount "87"]
[EventDate "2018.??.??"]
[WhiteTeam "SF Bad Mergentheim"]
[BlackTeam "SG Aufbau Elbe Magdeburg"]

1. d4 Nf6 2. Nc3 d5 3. Bf4 e6 4. e3 Bd6 5. Nf3 O-O 6. Bd3 b6 7. Ne5 Bxe5 8.
dxe5 Nfd7 9. Qh5 f5 10. exf6 Nxf6 11. Qh4 Ba6 12. Nb5 Bxb5 13. Bxb5 a6 14. Be2
Nbd7 15. h3 Qe7 16. c3 c5 17. O-O a5 18. Bh2 Rf7 19. c4 Kh8 20. Bf3 Rg8 21.
Rad1 g5 22. Qg3 dxc4 23. Qc7 g4 24. hxg4 Nxg4 25. Bg3 h5 26. Bc6 Ndf6 27. Qxe7
Rxe7 28. Rfe1 Nh6 29. Be5 Kg7 30. Bb5 Kf7 31. Bxc4 Nf5 32. e4 Nh4 33. Bg3 Ng6
34. Bd6 Rb7 35. Ba6 Ra7 36. Bb5 h4 37. f4 h3 38. f5 Nf8 39. Rd2 Rg4 40. Bc6 Kg8
41. e5 Nh5 42. Bxf8 Rh7 43. Rd8 h2+ 44. Kxh2 1-0

[Event "Lichtenrader Herbst"]
[Site "Berlin"]
[Date "2018.10.30"]
[Round "4.8"]
[White "Kurayan, Ruslan"]
[Black "Federau, Juergen"]
[Result "1-0"]
[WhiteElo "2385"]
[BlackElo "2116"]
[PlyCount "53"]
[EventDate "2018.??.??"]
[WhiteTeam "SF Gerresheim 86 e.V."]
[BlackTeam "SC Kreuzberg e.V."]

1. e4 c5 2. Nf3 d6 3. d4 cxd4 4. Nxd4 Nf6 5. Nc3 a6 6. Be3 e5 7. Nb3 Be6 8. Qd2
Nbd7 9. f4 b5 10. O-O-O Rc8 11. Kb1 Be7 12. h3 h5 13. Be2 Qc7 14. g4 b4 15. Nd5
Bxd5 16. exd5 Nxd5 17. fxe5 Nxe3 18. Qxe3 Nxe5 19. Nd4 hxg4 20. Bxa6 Rb8 21.
Bb5+ Kf8 22. hxg4 Rxh1 23. Rxh1 Ng6 24. Bd3 Qb7 25. Be4 Qd7 26. Bxg6 fxg6 27.
Rh8+ 1-0

[Event "Lichtenrader Herbst"]
[Site "Berlin"]
[Date "2018.10.30"]
[Round "4.9"]
[White "Schnabel, Bennett"]
[Black "Stets, Dmitry"]
[Result "0-1"]
[WhiteElo "2146"]
[BlackElo "2373"]
[PlyCount "66"]
[EventDate "2018.??.??"]
[WhiteTeam "SV Mattnetz Berlin e.V."]
[BlackTeam "SF Gerresheim 86 e.V."]

1. e4 g6 2. d4 Bg7 3. h4 h5 4. Nc3 c5 5. Nf3 cxd4 6. Nxd4 Nc6 7. Be3 Nf6 8. f3
O-O 9. Nb3 d5 10. exd5 Nb4 11. Qd2 Bf5 12. Nd4 Qc8 13. O-O-O Rd8 14. Nxf5 Qxf5
15. Bd3 Qe5 16. f4 Qc7 17. Bd4 Rac8 18. Be5 Qa5 19. a3 Nbxd5 20. Nxd5 Qxd5 21.
Kb1 e6 22. Qb4 Qxg2 23. Rhg1 Qc6 24. Rd2 Qc5 25. Qxc5 Rxc5 26. Rdg2 Ng4 27.
Bxg7 Kxg7 28. Rg3 Kf6 29. b4 Rc7 30. Be2 Nh6 31. Rd3 Rxd3 32. Bxd3 Nf5 33. Rh1
Rd7 0-1

[Event "Lichtenrader Herbst"]
[Site "Berlin"]
[Date "2018.10.30"]
[Round "4.10"]
[White "Llopis de Aysa, Manuel"]
[Black "Baum, Jonasz"]
[Result "1/2-1/2"]
[WhiteElo "2092"]
[BlackElo "2273"]
[PlyCount "120"]
[EventDate "2018.??.??"]
[WhiteTeam "C.E. Montcada"]

1. d4 d5 2. Nf3 e6 3. e3 Nf6 4. c4 a6 5. b3 Nbd7 6. Bb2 b6 7. Bd3 Bb7 8. O-O
Bd6 9. Nc3 O-O 10. Rc1 Ne4 11. Ne2 Qe7 12. Ne5 Nxe5 13. dxe5 Bb4 14. Qc2 c5 15.
a3 Ba5 16. Nf4 Rfd8 17. f3 Bd2 18. fxe4 Bxe3+ 19. Kh1 Bxc1 20. Bxc1 dxc4 21.
bxc4 Rd7 22. Qf2 Rad8 23. Qg3 f6 24. Nd5 exd5 25. exf6 Qf7 26. exd5 g6 27. Bf5
Rd6 28. Be6 Rxe6 29. dxe6 Qxe6 30. h3 Qf7 31. Bb2 Re8 32. Rd1 h5 33. Be5 Be4
34. Qf4 Bf5 35. Rd6 b5 36. Rc6 Rc8 37. Rxa6 bxc4 38. Ra4 Bd3 39. Ra6 c3 40. Rd6
c4 41. Bxc3 Bf5 42. Qd4 Kh7 43. a4 Re8 44. Ra6 Be4 45. Ra7 Bb7 46. a5 Ra8 47.
Rxa8 Bxa8 48. Qd6 Qb7 49. Qe7+ Qxe7 50. fxe7 Bc6 51. a6 Kg8 52. Kg1 Kf7 53. Bb4
c3 54. Bxc3 Kxe7 55. Kf2 Kd7 56. g3 Kc8 57. Be5 Bb5 58. a7 Kb7 59. Bd4 Bd7 60.
h4 Bf5 1/2-1/2

[Event "Lichtenrader Herbst"]
[Site "Berlin"]
[Date "2018.10.30"]
[Round "4.11"]
[White "Heuer, Thomas"]
[Black "Haugli, Petter"]
[Result "1/2-1/2"]
[WhiteElo "2097"]
[BlackElo "2238"]
[PlyCount "54"]
[EventDate "2018.??.??"]
[WhiteTeam "BSC Rehberge 1945 e.V."]
[BlackTeam "Moss Schakklub"]

1. d4 Nf6 2. Nf3 g6 3. c4 Bg7 4. Nc3 O-O 5. g3 d6 6. Bg2 Nc6 7. O-O Bf5 8. b3
Ne4 9. Bb2 Nxc3 10. Bxc3 Be4 11. Rc1 d5 12. Ne5 Nxe5 13. dxe5 Bxg2 14. Kxg2
dxc4 15. bxc4 Qxd1 16. Rcxd1 Rfd8 17. Rd3 Rxd3 18. exd3 c5 19. f4 Rd8 20. Rf3
f6 21. g4 Kf7 22. exf6 Bxf6 23. Bxf6 exf6 24. Rh3 Kg7 25. Re3 Kf7 26. Rh3 Kg7
27. Re3 Kf7 1/2-1/2

[Event "Lichtenrader Herbst"]
[Site "Berlin"]
[Date "2018.10.30"]
[Round "4.12"]
[White "Tscheuschner, Georg"]
[Black "Polatel, Ali"]
[Result "0-1"]
[WhiteElo "2052"]
[BlackElo "2214"]
[PlyCount "186"]
[EventDate "2018.??.??"]
[WhiteTeam "SV Mattnetz Berlin e.V."]
[BlackTeam "SC Zugzwang 95 e.V."]

1. c4 c6 2. Nc3 d5 3. d4 Nf6 4. e3 a6 5. Nf3 b5 6. b3 Bg4 7. h3 Bxf3 8. gxf3 e6
9. c5 Nbd7 10. f4 g6 11. Qc2 Bg7 12. Bd2 O-O 13. Bd3 Nh5 14. a3 a5 15. Ne2 Qe7
16. O-O-O Rfb8 17. Rhg1 b4 18. a4 Kh8 19. f3 f5 20. Be1 Bh6 21. Bf2 Rg8 22. Rg2
Raf8 23. h4 Bg7 24. Ng3 Ndf6 25. Nxh5 Nxh5 26. Kb1 Bf6 27. Rh1 Qd8 28. Be2 Kg7
29. Qd3 Kf7 30. Qa6 Qc7 31. Qd3 Bg7 32. Be1 Ra8 33. Bd1 Bf6 34. Ka2 Qd8 35. Kb1
Bg7 36. Ka2 Qf6 37. Kb1 Ke8 38. Kc2 Kd7 39. Kb1 Bh6 40. Bd2 Qd8 41. Rgg1 Bg7
42. Ka2 Bf6 43. Be1 Rf8 44. Kb1 Rf7 45. Bf2 Qh8 46. Kc2 Bd8 47. Be1 Bc7 48. Be2
Bxf4 49. exf4 Nxf4 50. Qe3 Nxe2 51. Qxe2 Qxd4 52. Kb1 Qxc5 53. Qe5 Qd6 54. f4
Qxe5 55. fxe5 c5 56. Bf2 Rc8 57. Rc1 d4 58. Rc4 Kd8 59. Rhc1 Rfc7 60. Kc2 Rd7
61. Kd3 Rd5 62. Bg3 Ke8 63. Bf4 Kf7 64. Re1 Kg7 65. Rec1 h6 66. Rg1 Kf7 67. Re1
g5 68. hxg5 hxg5 69. Bxg5 Rh8 70. Rec1 Rh3+ 71. Kd2 Rxe5 72. Rxc5 Re4 73. Rc8
Rc3 74. R1xc3 bxc3+ 75. Kd3 Rg4 76. Bd8 e5 77. Bxa5 Rg3+ 78. Kc2 e4 79. Bxc3
Rg2+ 80. Kd1 dxc3 81. Rxc3 Ke6 82. a5 f4 83. a6 Ra2 84. Rc6+ Kd5 85. Rf6 f3 86.
Ke1 Ke5 87. Rf8 Rxa6 88. b4 Ra2 89. b5 Rb2 90. Rh8 Kd4 91. Rh5 e3 92. Kd1 e2+
93. Ke1 Rb1+ 0-1

[Event "Lichtenrader Herbst"]
[Site "Berlin"]
[Date "2018.10.30"]
[Round "4.13"]
[White "Bekasovs, Rihards"]
[Black "Sulayev, Daniel"]
[Result "1/2-1/2"]
[WhiteElo "2182"]
[BlackElo "2007"]
[PlyCount "59"]
[EventDate "2018.??.??"]
[WhiteTeam "Riga Chess School"]
[BlackTeam "SV Empor Berlin e.V."]

1. Nf3 g6 2. g3 Bg7 3. d4 c5 4. Bg2 cxd4 5. Nxd4 Nc6 6. Nb3 d6 7. O-O a5 8. a4
Be6 9. Nc3 h5 10. h4 Nf6 11. Nd4 Bd7 12. b3 Ng4 13. e3 O-O 14. Bb2 Nxd4 15.
exd4 Bc6 16. d5 Bd7 17. Qd2 Bf5 18. Nd1 Rc8 19. Bxg7 Kxg7 20. c4 Qb6 21. Qc3+
Kh7 22. Ne3 Nxe3 23. fxe3 f6 24. Kh2 Qb4 25. Qxb4 axb4 26. Bh3 Bxh3 27. Kxh3
Rc5 28. e4 b6 29. Rae1 Kg7 30. Rf2 1/2-1/2

[Event "Lichtenrader Herbst"]
[Site "Berlin"]
[Date "2018.10.30"]
[Round "4.14"]
[White "Schnabel, Ralf"]
[Black "Schmidt, Juergen"]
[Result "0-1"]
[WhiteElo "2202"]
[BlackElo "1901"]
[PlyCount "62"]
[EventDate "2018.??.??"]
[WhiteTeam "ESV Nickelhütte Aue"]
[BlackTeam "SC Kreuzberg e.V."]

1. e4 e5 2. Nf3 Nc6 3. Bb5 a6 4. Bxc6 dxc6 5. O-O f6 6. d4 exd4 7. Nxd4 Bd6 8.
Nf5 Bxf5 9. exf5 Qd7 10. Re1+ Ne7 11. Qh5+ g6 12. fxg6 O-O-O 13. g7 Rhg8 14.
Bh6 Qf5 15. Qf7 Ng6 16. Nd2 Qh5 17. Qe6+ Kb8 18. Qh3 Qxh3 19. gxh3 Bf4 20. Bxf4
Nxf4 21. Nf3 Rxg7+ 22. Kf1 Nxh3 23. Rad1 Rdg8 24. Re6 Rg2 25. Rd2 Rg1+ 26. Nxg1
Rxg1+ 27. Ke2 Nf4+ 28. Kf3 Nxe6 29. Rd7 Rg7 30. Rd2 Kc8 31. c3 f5 0-1

[Event "Lichtenrader Herbst"]
[Site "Berlin"]
[Date "2018.10.30"]
[Round "4.15"]
[White "Barisch, Florian"]
[Black "Maetzkow, Maximilian Paul"]
[Result "0-1"]
[WhiteElo "1872"]
[BlackElo "2193"]
[PlyCount "126"]
[EventDate "2018.??.??"]
[BlackTeam "ESV 1949 Eberswalde e.V."]

1. d4 Nf6 2. Bf4 g6 3. e3 Bg7 4. Nf3 c5 5. c3 b6 6. Be2 O-O 7. h3 Bb7 8. O-O d6
9. Nbd2 Nbd7 10. Re1 Re8 11. Bc4 d5 12. Bf1 Ne4 13. Qc2 e5 14. dxe5 Nxe5 15.
Bxe5 Nxd2 16. Qxd2 Bxe5 17. Nxe5 Rxe5 18. Be2 Qf6 19. Bf1 Rd8 20. Rad1 Re6 21.
Qc2 Red6 22. Qa4 a5 23. Rd2 d4 24. exd4 cxd4 25. Rxd4 Rxd4 26. cxd4 Rxd4 27.
Qc2 Qc6 28. Qe2 Kg7 29. Rd1 Rxd1 30. Qxd1 Qd5 31. Qxd5 Bxd5 32. a3 Kf6 33. f4
Kf5 34. g3 Ke4 35. Kf2 Kd4 36. Ke1 Ke3 37. Be2 Be6 38. h4 h5 39. Bd1 Bg4 40.
Bb3 Be6 41. Bd1 Bg4 42. Bb3 Kf3 43. Bxf7 Bf5 44. Kd2 Kxg3 45. Ke3 Kxh4 46. Kf3
g5 47. fxg5 Kxg5 48. b4 a4 49. Be8 Bc2 50. Bd7 Kf6 51. Kf4 Ke7 52. Bc6 Kd6 53.
Bf3 h4 54. Bg2 Ke6 55. Bf3 Kd6 56. Bg2 Bb3 57. Bf3 h3 58. Kg3 Ke5 59. Kxh3 Kd4
60. Kg3 Kc3 61. Kf2 Kb2 62. Ke1 Kxa3 63. Kd2 Kb2 0-1